| 000 | 00682nam a22002177a 4500 | ||
|---|---|---|---|
| 005 | 20151023102731.0 | ||
| 010 | _aENG-114042 | ||
| 020 |
_c295.00 _a9788120351349 |
||
| 035 | _aEN-97574 | ||
| 037 | _bDBAD/PUB | ||
| 082 | _a540.2 | ||
| 100 | _aSalahuddin Kunju, A. | ||
| 245 |
_aGroup theory and its applications in chemistry / _cby A. Salahuddin Kunju [and] G. Krishnan |
||
| 250 | _a2nd ed | ||
| 260 |
_aNew Delhi _bPHI Learning _c2015 |
||
| 270 |
_aRimjhim House,111, Patparganj Industrial Estate _bNew Delhi _e 110092 |
||
| 300 |
_axiv,222p.: _c25cm(pbk) _bill. |
||
| 500 | _aIncludes index | ||
| 700 | _aKrishnan, G. | ||
| 942 |
_2ddc _cEN _mSAL _h540.2 |
||
| 999 |
_c96877 _d96877 |
||